00768cam a2200217 a 450000100100000000500170001000800410002702000150006804000300008308200210011310000360013424500990017026000430026930000280031249000390034050400320037965000320041165000230044370000430046683000410050900001160920200929162513.0860425s1984 sp af b 001 0 spa  a8427606990 aDO-SdBNPbspacDLCdBNPHU a666.10946bG643v1 aGonzález Pena, María Luisa.10aVidrios españoles /cMaría Luisa González Pena ; prólogo, Santiago Valiente Cánovas. aMadrid, (España) :bNacional,c1984. a149 p. :bil. ;c22 cm.1 aArtes del tiempo y del espaciov17 aBibliografía: p. 135-137. 4aVidrioszEspañaxHistoria 4aVitraleszEspaña1 aValiente Cánovas, Santiago,epról. 0aArtes del tiempo y del espacio ;v17